[Event "GER-ch Net blitz qual4"]
[Site "Playchess.com INT"]
[Date "2020.03.23"]
[Round "5"]
[White "Bock, Felix"]
[Black "Janhoff, Axel"]
[Result "0-1"]
[WhiteElo "1287"]
[BlackElo "2014"]
[PlyCount "114"]
[EventDate "2020.03.23"]
[EventType "swiss (blitz)"]
[EventRounds "9"]
[EventCountry "GER"]
[SourceTitle "CBM 195 Extra"]
[Source "ChessBase"]
[SourceDate "2020.05.31"]
[SourceVersion "1"]
[SourceVersionDate "2020.05.31"]
[SourceQuality "1"]

1. e4 c5 2. Nf3 e6 3. Bc4 a6 4. a3 b5 5. Ba2 Bb7 6. Nc3 Qc7 7. Qe2 Nc6 8. d3 d6 9. Bf4 Be7 10. h3 Nd4 11. Nxd4 cxd4 12. Nb1 Rc8 13. Bb3 e5 14. Bh2 Nf6 15. 0-0 0-0 16. Re1 a5 17. Nd2 a4 18. Ba2 Qxc2 19. Rab1 Qc7 20. h4 h5 21. Nf3 Ng4 22. Bg3 Qd8 23. b4 Rc3 24. Ra1 Qd7 25. Kf1 Rfc8 26. Kg1 g6 27. Qd1 Kg7 28. Kf1 Rc2 29. Bb1 R2c3 30. Kg1 f6 31. Kh1 d5 32. exd5 Bxd5 33. Nxe5 fxe5 34. Bxe5+ Nxe5 35. Rxe5 Bf6 36. Rxd5 Qxd5 37. Ba2 Qc6 38. Be6 Rc1 39. Rxc1 Qxc1 40. Qxc1 Rxc1+ 41. Kh2 Ra1 42. Kh3 Rxa3 43. Kg3 Rxd3+ 44. Kf4 Rd2 45. Kf3 a3 46. Kg3 a2 47. Bxa2 Rxa2 48. f4 d3 49. Kf3 d2 50. Ke2 Bc3 51. Kd1 Ra1+ 52. Kc2 Bxb4 53. g3 d1Q+ 54. Kb2 Qc1+ 55. Kb3 Qc4+ 56. Kb2 Ra2+ 57. Kb1 Qc2# 0-1

[Event "GER-ch Net blitz qual1"]
[Site "Playchess.com INT"]
[Date "2020.03.07"]
[Round "5"]
[White "Bock, Felix"]
[Black "Bennemann, Ingmar"]
[Result "0-1"]
[WhiteElo "1620"]
[BlackElo "2085"]
[PlyCount "36"]
[EventDate "2020.03.07"]
[EventType "swiss (blitz)"]
[EventRounds "9"]
[EventCountry "GER"]
[SourceTitle "CBM 195 Extra"]
[Source "ChessBase"]
[SourceDate "2020.05.31"]
[SourceVersion "1"]
[SourceVersionDate "2020.05.31"]
[SourceQuality "1"]

1. e4 Nf6 2. e5 Nd5 3. d4 d6 4. Bc4 c6 5. Bxd5 cxd5 6. f4 dxe5 7. fxe5 Bf5 8. Nc3 e6 9. Be3 Nc6 10. Nf3 Be7 11. Qd2 a6 12. 0-0-0 b5 13. a3 b4 14. axb4 Nxb4 15. Kb1 Bxc2+ 16. Kc1 Qa5 17. Nb1 Rc8 18. Na3 Na2# 0-1